Datum a čas kvízu
29.5
Celkem bodů
Celkový počet nahraných bodů na tomto kvízu bez doplňovacích otázek.
1.
Pořadí na kvízu
Konečné umístění týmu na tomto kvízu.
Zaznamenané odpovědi
| # | Otázka | Odpověď | Body | Výsledky |
|---|---|---|---|---|
| 1. | Ředitel gymnázia Zdeněk Bergma... | 1 | ||
| 2. | Po kterém ruském umělci je poj... | 1 | ||
| 3. | Americký herec David Schwimmer... | 1 | ||
| 4. | Hospodářská komora volila v rá... | 1 | ||
| 5. | Pokud správně napíšete jméno v... | 0 | ||
| 6. | V různých seriálech se objevil... | 1 | ||
| 7. | Napište jména herců, kteří ztv... | 0 | ||
| 8. | Walter White a Jesse Pinkman.... | 0 | ||
| 9. | Excentrický sedmdesátiletý věd... | 0 | ||
| 10. | A nakonec dvojice z českých ve... | 1 |